| Tag |
First Indicator |
Second Indicator |
Subfields |
| LEADER |
00000cam a2200000 4500 |
| 001 |
in00000031495 |
| 005 |
20151007061711.0 |
| 008 |
740828s1946 nyu 00001 eng u |
| 035 |
|
|
|a (OCoLC)00991493
|
| 035 |
|
|
|9 AAD2812AM
|
| 040 |
|
|
|c CXP
|d TXA
|d UtOrBLW
|
| 049 |
|
|
|a TXAM
|c [140930]
|
| 090 |
|
|
|a PS3511.R264
|b Y68 1946
|
| 092 |
|
|
|a 813
|b F829y
|
| 100 |
1 |
|
|a Franken, Rose,
|d 1895-1988.
|
| 245 |
1 |
0 |
|a Young Claudia /
|c by Rose Franken.
|
| 264 |
|
1 |
|a New York :
|b Rinehart,
|c [1946]
|
| 264 |
|
4 |
|c ©1946
|
| 300 |
|
|
|a 278 pages
|
| 336 |
|
|
|a text
|b txt
|2 rdacontent
|
| 337 |
|
|
|a unmediated
|b n
|2 rdamedia
|
| 338 |
|
|
|a volume
|b nc
|2 rdacarrier
|
| 999 |
|
|
|a MARS
|
| 999 |
f |
f |
|s 27bd00e4-2f6c-3356-a304-5939e1109817
|i 3035430a-b41e-3b8a-aa66-951863b152dc
|t 0
|
| 952 |
f |
f |
|p ric
|a Texas A&M University
|b Rellis Campus
|c Joint Library Facility
|d Remote Storage
|t 0
|e PS3511.R264 Y68 1946
|h Library of Congress classification
|i unmediated -- volume
|m A14801237681
|
| 998 |
f |
f |
|a PS3511.R264 Y68 1946
|t 0
|l Remote Storage
|